Movies Quiz

Random Movies or Quote Quiz
Score 0/140 Timer 06:00
0 Plays Today
% Correct
I
98.6%
I
98.6%
I
98.6%
I
98.6%
I
98.6%
I
98.6%
I
98.6%
A
97%
a
97%
a
97%
a
97%
a
97%
been
83.5%
been
83.5%
me
79.8%
me
79.8%
contender.
79.5%
You
79.3%
You
79.3%
You
79.3%
You
79.3%
You
79.3%
you.
79.3%
you
79.3%
you
79.3%
you,
79.3%
coulda
79.2%
coulda
79.2%
coulda
79.2%
coulda
79.2%
the
76.9%
the
76.9%
the
76.9%
the
76.9%
the
76.9%
is
75.2%
in
75%
in
75%
So
74.4%
so
74.4%
of
71.2%
of
71.2%
what
70.7%
what
70.7%
what
70.7%
somebody,
69%
It
68.1%
% Correct
it
68.1%
it.
68.1%
It
68.1%
am,
66.8%
to
66.8%
to
66.8%
to
66.8%
was
64.4%
was
64.4%
was
64.4%
do
62.9%
and
61.5%
and
61.5%
on
58.8%
my
58.3%
My
58.3%
my
58.3%
bum,
57.1%
for
56.8%
for
56.8%
for
56.8%
instead
56.1%
He
54.3%
which
53.3%
had
53%
that
52.5%
that?
52.5%
have
52.3%
your
48.7%
your
48.7%
We're
46%
brother,
44.4%
out
42.8%
wasn't
42.4%
him
42.1%
this
42%
'This
42%
class.
40.8%
Charley,
40%
Charley
40%
Charley
40%
shoulda
39.7%
shoulda
39.7%
one
39.7%
take
39.3%
said,
38.2%
night
37.5%
% Correct
night.
37.5%
night!'
37.5%
night!
37.5%
get?
35%
care
34.4%
don't
34.3%
looked
34%
little
33.3%
little
33.3%
way
32.1%
taken
31.7%
taken
31.7%
ain't
31.4%
ain't
31.4%
down
31.2%
came
30.6%
bit.
30.6%
bit
30.6%
Remember
30.5%
remember
30.5%
money.
29.7%
them
29.4%
face
28.6%
ticket
28.3%
going
28.1%
'Kid,
27.7%
let's
27.6%
room
27.2%
Garden,
26.2%
dressing
25.2%
Palookaville!
25%
shot
24.1%
wouldn't
24%
title
23.7%
end
23.2%
understand.
22.8%
apart.
21.8%
Wilson.'
20.5%
Wilson
20.5%
gets
20.3%
short
19.9%
dives
18.6%
happens?
18.2%
ballpark
17.2%
price
17%
outdoors
14.5%
Remove Ads.
Support Sporcle.
Get the best of Sporcle when you Go Orange. This ad-free experience offers more features, more stats, and more fun while also helping to support Sporcle. Thank you for becoming a member.

You're not logged in!

Compare scores with friends on all Sporcle quizzes.
OR
Log In

Show Comments

Extras

Top Quizzes Today


Score Distribution

Your Account Isn't Verified!

In order to create a playlist on Sporcle, you need to verify the email address you used during registration. Go to your Sporcle Settings to finish the process.

Report this User

Report this user for behavior that violates our Community Guidelines.

Details: